| 000 | 01258cam a2200325 a 4500 | ||
|---|---|---|---|
| 001 | 3920388 | ||
| 003 | NUST - PNEC | ||
| 005 | 20170116181125.0 | ||
| 008 | 911226s1991 pk af b 001 0 eng | ||
| 010 | _a 91930900 | ||
| 020 | _cRs160.00 ($15.00 U.S.) | ||
| 040 |
_aDLC _cLIBRARY _dDLC |
||
| 043 |
_aa-ii--- _aa-pk--- |
||
| 050 | 0 | 0 |
_aDS480.45 _b.H795 1991 |
| 082 | _a920.954 HUS | ||
| 100 | 1 | _aHussain, Syed Shabbir. | |
| 245 | 1 | 3 |
_aal-Mashriqi, the disowned genius : _bthe story of a world revolutionary who was bogged down in his own country, at once inspiring and painful / _cSyed Shabbir Hussain. |
| 250 | _a1st ed. | ||
| 260 |
_aLahore : _bJang Publishers, _c- |
||
| 300 |
_avii, 293 p., [16] p. of plates : _bill. ; _c22 cm. |
||
| 504 | _aIncludes bibliographical references (p. [288]-289) and index. | ||
| 600 | 0 | 0 |
_aMashriqī, ʻInayatullāh K̲h̲ān, _d1888-1963. |
| 610 | 2 | 0 | _aK̲h̲āksār Taḥrīk. |
| 650 | 0 |
_aMuslims _xPolitical activity _zIndia. |
|
| 651 | 0 |
_aIndia _xPolitics and government _y1919-1947. |
|
| 651 | 0 |
_aPakistan _xPolitics and government. |
|
| 906 |
_a7 _bcbc _corignew _d3 _encip _f19 _gy-gencatlg |
||
| 942 |
_2ddc _cBK |
||
| 999 |
_c69730 _d69730 |
||